Indian National Movement in retrospect / (Record no. 5207)
[ view plain ]
| 000 -LEADER | |
|---|---|
| fixed length control field | 00560 a2200169 4500 |
| 010 ## - LCCN (DPL NO) | |
| LC control number | ENG-86779 |
| 020 ## - INTERNATIONAL STANDARD BOOK NUMBER | |
| Terms of availability | 495.00 |
| 035 ## - SYSTEM CONTROL NUMBER | |
| System control number | EN-70312 |
| 037 ## - SOURCE OF ACQUISITION | |
| Source of stock number/acquisition | DBAD / PUB |
| 082 14 - DEWEY DECIMAL CLASSIFICATION NUMBER | |
| Classification number | 954.0841 |
| 245 1# - TITLE STATEMENT | |
| Title | Indian National Movement in retrospect / |
| Statement of responsibility, etc | ed. by N.G.Rajurkar |
| 260 ## - PUBLICATION, DISTRIBUTION, ETC. (IMPRINT) | |
| Place of publication, distribution, etc | Secunderabad |
| Name of publisher, distributor, etc | R.K. Printing Press & Publications Centre |
| Date of publication, distribution, etc | n.d. |
| 270 ## - ADDRESS | |
| Address | 12-13-103, Street No. 3, Tamaka, Secunderabad |
| City | Secunderabad |
| Postal code | 500 017 |
| State or province | A.P. |
| 300 ## - PHYSICAL DESCRIPTION | |
| Extent | xvi, 304p |
| Dimensions | 22cm (Hb) |
| 700 ## - ADDED ENTRY--PERSONAL NAME | |
| Personal name | Rajurkar, N.G. |
| 942 ## - ADDED ENTRY ELEMENTS (KOHA) | |
| Institution code [OBSOLETE] | dpl |
| Item type | English Books |
| Source of classification or shelving scheme | Dewey Decimal Classification |
| Classification part | 954.0841 |
| Call number suffix | IND |
| Withdrawn status | Lost status | Not for loan | Collection code | Home library | Current library | Source of acquisition | Cost, normal purchase price | Full call number | Barcode | Copy number | Cost, replacement price | Koha item type |
|---|---|---|---|---|---|---|---|---|---|---|---|---|
| Not For Loan | Non-fiction | D.B.Act.Division | D.B.Act.Division | DBAD/PUB | 495.00 | 954.0841 IND | EN-70312 | 1 | 495.00 | English Books |
